000 00288nam a22001217a 4500
008 171020b xxu||||| |||| 00| 0 eng d
041 _aeng
080 _a338
100 _a54
101 _aMNG
245 _aMANAGING EFFECTIVELY IN THE WORLD MARKET PLACE
_cDICKSON, D.N
942 _2udc
_cBK
999 _c35220
_d35220